|
|
|
|
| LEADER |
00755cam a2200229 7i4500 |
| 001 |
0000032234 |
| 005 |
20160815090000.0 |
| 007 |
##ta |
| 008 |
160815s2013 enka b 001 0 eng c |
| 020 |
# |
# |
|a 9780857083913
|
| 040 |
# |
# |
|a StDuBDS
|
| 090 |
0 |
0 |
|a B 658.4092
|b ARN
|
| 100 |
1 |
# |
|a Arnander, Fredrik
|e author
|
| 245 |
1 |
0 |
|a WE ARE ALL LEADERS :
|b LEADERSHIP IS NOT A POSITION - IT'S A MINDSET
|c Fredrik Arnander.
|
| 264 |
# |
1 |
|a Chichester:
|b Capstone,
|c 2013.
|
| 300 |
# |
# |
|a xii, 256 pages:
|b illustrations;
|c 22 cm.
|
| 336 |
# |
# |
|a text
|2 rdacontent
|
| 337 |
# |
# |
|a unmediated
|2 rdamedia
|
| 338 |
# |
# |
|a volume
|2 rdacarrier
|
| 504 |
# |
# |
|a Includes bibliographical references and index
|
| 650 |
# |
0 |
|a Leadership
|
| 999 |
|
|
|a B000036001
|b Book
|c Book
|e Business Information Centre
|